000 00424nam a2200169 a 4500
001 0000-8979
003 ELIB.Books
008 110520 0000
035 _a(ELIB.Books)0000-9128
082 _a266
_bBos
100 _aBosch, David J.
245 _aTransforming Mission
260 _bMaryknoll: Orbis Books
_c0
650 _aMission
942 _2ddc
_cBK
998 _cbat
_e2011-05-20
_mcat
_u2019-06-27
999 _c8979
_d8979